[Event "XIII Torneo Leonardo di Bona Magistrale"]
[Site "Cutro ITA"]
[Date "2007.04.28"]
[Round "6"]
[White "Rotstein, Arkadij"]
[Black "Vijayalakshmi, Subbaraman"]
[Result "1-0"]
[WhiteElo "2537"]
[BlackElo "2425"]
[PlyCount "151"]
[EventDate "2007.04.23"]

1. c4 e5 2. g3 Nc6 3. Bg2 g6 4. Nc3 Bg7 5. Rb1 a5 6. d3 d6 7. e3 Be6 8. Nge2
Qd7 9. Nd5 Nf6 10. b3 O-O 11. Bb2 a4 12. bxa4 Bxd5 13. cxd5 Ne7 14. Nc3 Nc8 15.
Ba1 Nb6 16. Rb4 Ra5 17. Qb3 Rfa8 18. O-O Nxa4 19. Nxa4 Rxa4 20. Rxa4 Rxa4 21.
Qxb7 Rxa2 22. Bc3 h5 23. Qb3 Ra8 24. Rc1 h4 25. gxh4 Ra4 26. Qb8+ Kh7 27. Be1
Ne8 28. h5 gxh5 29. h3 Bh6 30. Kh2 Kg7 31. Rc2 Bg5 32. Bc3 Bf6 33. Be4 Kf8 34.
f4 Rxe4 35. dxe4 Qa4 36. Qb2 Qxe4 37. fxe5 Bg5 38. Bd4 Bxe3 39. Bxe3 Qxe3 40.
exd6 Qf4+ 41. Kg1 Qe3+ 42. Rf2 Nxd6 43. Kh2 Qg5 44. Qd4 h4 45. Rg2 Qh6 46. Rg4
Nf5 47. Qb4+ Qd6+ 48. Qxd6+ cxd6 49. Rf4 Ne7 50. Rxh4 Nxd5 51. Rd4 Ne7 52. Rxd6
Kg7 53. Ra6 Nf5 54. Kg2 f6 55. Kf3 Kg6 56. Kf4 Ng7 57. Ra5 Ne6+ 58. Kg4 Ng5 59.
h4 Nf7 60. h5+ Kh6 61. Kf5 Nd6+ 62. Kxf6 Ne8+ 63. Kf7 Nd6+ 64. Ke6 Ne8 65. Kf5
Kxh5 66. Ra8 Nd6+ 67. Ke5 Nc4+ 68. Kf4 Kg6 69. Ra4 Nd2 70. Rb4 Kh5 71. Rb5+ Kg6
72. Rb6+ Kf7 73. Rb4 Ke6 74. Ke3 Nf1+ 75. Kf2 Nd2 76. Ke2 1-0

[Event "XIII Torneo Leonardo di Bona Magistrale"]
[Site "Cutro ITA"]
[Date "2007.04.28"]
[Round "6"]
[White "Valotta, Massimiliano"]
[Black "Abatino, Maurizio"]
[Result "0-1"]
[WhiteElo "1889"]
[BlackElo "2192"]
[PlyCount "126"]
[EventDate "2007.04.23"]

1. e4 e6 2. d4 d5 3. Bd3 dxe4 4. Bxe4 Nf6 5. Bg5 Be7 6. Bxf6 Bxf6 7. Nf3 c5 8.
c3 O-O 9. O-O Qc7 10. dxc5 Qxc5 11. Nbd2 Nc6 12. Nb3 Qb6 13. Qd6 Rd8 14. Qg3 a5
15. Rab1 a4 16. Nbd2 Be7 17. Bc2 f5 18. b3 Qc5 19. Rfc1 axb3 20. Nxb3 Qd6 21.
Nbd4 Qxg3 22. hxg3 Na5 23. Nb5 g6 24. a4 Bf6 25. Rd1 Bd7 26. Nd6 Bc6 27. c4 e5
28. c5 Kf8 29. Nd2 Be7 30. Nf3 Bf6 31. Nd2 Rd7 32. g4 fxg4 33. N2e4 Be7 34. Kh2
Rad8 35. Kg3 h5 36. Nc3 Bxd6 37. cxd6 Rxd6 38. Nb5 Rxd1 39. Rxd1 Rxd1 40. Bxd1
Bxb5 41. axb5 b6 42. Kh4 Kg7 43. Kg5 Nc4 44. Bc2 e4 45. Bxe4 Ne5 46. Bd5 Nf7+
47. Kf4 Kf6 48. g3 Nd6 49. Bc6 g5+ 50. Ke3 Ke5 51. Kd3 h4 52. Ke2 Nf5 53. gxh4
gxh4 54. Bd7 h3 55. Kf1 Kf4 56. Kg1 Nd4 57. Kh2 Nf3+ 58. Kh1 Ne5 59. Bc8 Kf3
60. Kg1 h2+ 61. Kxh2 Kxf2 62. Bb7 Nf3+ 63. Kh1 g3 0-1

[Event "XIII Torneo Leonardo di Bona Magistrale"]
[Site "Cutro ITA"]
[Date "2007.04.29"]
[Round "7"]
[White "Agrest, Evgenij"]
[Black "Krivoshey, Sergei"]
[Result "1/2-1/2"]
[WhiteElo "2561"]
[BlackElo "2475"]
[PlyCount "224"]
[EventDate "2007.04.23"]

1. Nf3 d5 2. d4 Nf6 3. c4 c6 4. Nc3 dxc4 5. a4 Bf5 6. Ne5 Nbd7 7. Nxc4 Qc7 8.
g3 e5 9. dxe5 Nxe5 10. Bf4 Nfd7 11. Bg2 f6 12. O-O Rd8 13. Qc1 Be6 14. Nxe5
Nxe5 15. Ne4 Bb4 16. Nc5 Bc8 17. Bxe5 fxe5 18. Qe3 Bd2 19. Qb3 Qf7 20. Qc2 Ba5
21. Nd3 Bc7 22. Qc5 a5 23. Nxe5 Qe7 24. Qxe7+ Kxe7 25. Nc4 Be6 26. b3 Rd4 27.
Rfc1 g5 28. h3 h5 29. Bf1 Kf6 30. Rc3 Rhd8 31. Rcc1 R4d7 32. Bg2 Rd4 33. Rab1
Bf5 34. Ra1 Be6 35. e3 Rd3 36. Rab1 h4 37. Be4 hxg3 38. Bxd3 gxf2+ 39. Kxf2
Rxd3 40. Ke2 Rd7 41. Rh1 Rh7 42. Nd2 Bxh3 43. Ne4+ Kg6 44. Rbg1 Bg4+ 45. Rxg4
Rxh1 46. Rxg5+ Kf7 47. Kd3 Rh4 48. Rf5+ Ke6 49. Rf8 b6 50. Ng5+ Kd7 51. Rf7+
Kc8 52. e4 Rg4 53. Nf3 Rf4 54. Rxf4 Bxf4 55. e5 Kd7 56. Ke4 Bc1 57. Kf5 b5 58.
e6+ Ke8 59. Nd4 bxa4 60. bxa4 Bd2 61. Nxc6 Bc3 62. Ke4 Be1 63. Kd5 Bd2 64. Ke5
Bc3+ 65. Kd6 Be1 66. Nd4 Bb4+ 67. Kd5 Be1 68. Nf5 Bb4 69. Nd4 Be1 70. Nc6 Bd2
71. Nb8 Be1 72. Na6 Ke7 73. Nc7 Bg3 74. Nb5 Be1 75. Nd6 Bb4 76. Nf5+ Ke8 77.
Kc6 Be1 78. Kb5 Bd2 79. Kc4 Be1 80. Kd4 Bd2 81. Ke4 Be1 82. Ne3 Bb4 83. Nd5 Be1
84. Kf5 Bf2 85. Ke5 Bg3+ 86. Kd4 Be1 87. Kc5 Bf2+ 88. Kc6 Be1 89. Kb5 Bd2 90.
Kc4 Be1 91. Kd3 Kd8 92. Ke2 Bg3 93. Kf1 Ke8 94. Ke2 Kd8 95. Kf3 Be1 96. Ke4 Ke8
97. Kf5 Bf2 98. Nf4 Ke7 99. Ng6+ Ke8 100. Ke5 Be1 101. Kf6 Bc3+ 102. Kf5 Be1
103. Ke4 Bc3 104. Kd5 Be1 105. Ne5 Bd2 106. Nc6 Be1 107. Kc5 Bd2 108. Kb5 Be1
109. Nxa5 Ke7 110. Nc6+ Kxe6 111. Nd4+ Kd7 112. Nc2 Bd2 1/2-1/2

[Event "XIII Torneo Leonardo di Bona Magistrale"]
[Site "Cutro ITA"]
[Date "2007.04.29"]
[Round "7"]
[White "Bentivegna, Francesco"]
[Black "Valotta, Massimiliano"]
[Result "1-0"]
[WhiteElo "2287"]
[BlackElo "1889"]
[PlyCount "103"]
[EventDate "2007.04.23"]

1. d4 c6 2. c4 d5 3. Nc3 Nf6 4. Bg5 e6 5. cxd5 exd5 6. e3 Be7 7. Bd3 Nbd7 8.
Nge2 h6 9. Bh4 Ne4 10. Bxe7 Qxe7 11. Qc2 Ndf6 12. O-O O-O 13. Rae1 Bd7 14. Na4
Rfe8 15. f3 Nd6 16. Ng3 b6 17. e4 dxe4 18. fxe4 Nb5 19. Bxb5 cxb5 20. Nc3 Rac8
21. Qd2 b4 22. Nd1 Bb5 23. Rf4 Qc7 24. Rxf6 gxf6 25. Nh5 Qc1 26. Nxf6+ Kg7 27.
Nxe8+ Bxe8 28. Qxc1 Rxc1 29. Kf2 Bc6 30. d5 Bb5 31. Ne3 Rc8 32. Nf5+ Kf6 33.
Nd4 Bd7 34. Ke3 Rg8 35. Rf1+ Ke7 36. Rf2 Rg6 37. e5 Rg5 38. Ke4 Rg4+ 39. Ke3
Rg5 40. Nf3 Rg4 41. Rc2 a5 42. h3 b3 43. axb3 Rb4 44. Nd4 a4 45. bxa4 Bxa4 46.
b3 Bb5 47. Rc7+ Ke8 48. Rc3 Bf1 49. Rc2 Bb5 50. g3 Bf1 51. h4 Bh3 52. Kd3 1-0

[Event "XIII Torneo Leonardo di Bona Magistrale"]
[Site "Cutro ITA"]
[Date "2007.04.29"]
[Round "7"]
[White "Ferro, Mario"]
[Black "Djuric, Stefan"]
[Result "0-1"]
[WhiteElo "2235"]
[BlackElo "2460"]
[PlyCount "104"]
[EventDate "2007.04.23"]

1. d4 Nf6 2. Nf3 d6 3. g3 g6 4. Bg2 Bg7 5. b4 O-O 6. O-O c6 7. c4 a5 8. b5 cxb5
9. cxb5 Nbd7 10. Nc3 Nb6 11. Na4 Nxa4 12. Qxa4 Bf5 13. Nd2 d5 14. Ba3 Nd7 15.
e3 Nb6 16. Qb3 a4 17. Qb4 Re8 18. Rac1 Bd3 19. Rfd1 e6 20. Bf1 Bxf1 21. Kxf1
Qd7 22. Qc5 Nc8 23. Qc7 Qxb5+ 24. Ke1 b6 25. Rc3 Na7 26. Rb1 Qa5 27. Rxb6 Nb5
28. Rxb5 Qxb5 29. Bd6 h6 30. Nf3 Rec8 31. Qxc8+ Rxc8 32. Rxc8+ Kh7 33. Rb8 Qc6
34. Bc5 e5 35. Rb6 Qc8 36. Kf1 e4 37. Ne1 Qh3+ 38. Kg1 Qh5 39. Rb2 Qd1 40. Kf1
Bf6 41. Rb7 Kg7 42. a3 Qb3 43. Bb4 Qc4+ 44. Kg1 Qc6 45. Ra7 Bd8 46. Bc5 Qb5 47.
Kg2 Ba5 48. Nc2 Bd2 49. Bb4 Bc1 50. Ra8 Qc6 51. Rb8 Qxc2 52. Bd6 Qc6 0-1

[Event "XIII Torneo Leonardo di Bona Magistrale"]
[Site "Cutro ITA"]
[Date "2007.04.29"]
[Round "7"]
[White "Kasparov, Sergey"]
[Black "Sriram, Jha"]
[Result "0-1"]
[WhiteElo "2536"]
[BlackElo "2425"]
[PlyCount "104"]
[EventDate "2007.04.23"]

1. e4 e5 2. Nf3 Nc6 3. Bb5 a6 4. Bxc6 dxc6 5. O-O Bd6 6. d4 exd4 7. Qxd4 f6 8.
Be3 Ne7 9. Nbd2 Be6 10. Rad1 Ng6 11. Nc4 Bxc4 12. Qxc4 Qe7 13. Rfe1 O-O-O 14.
c3 Rhe8 15. Bc1 Ne5 16. Nxe5 Qxe5 17. g3 g5 18. Qd4 Qxd4 19. Rxd4 g4 20. Kg2 h5
21. f3 Re6 22. Bf4 Rde8 23. Bxd6 cxd6 24. Rf1 Kc7 25. h4 Rg8 26. fxg4 Rxg4 27.
Rf5 c5 28. Rd2 Rgxe4 29. Rxh5 Re2+ 30. Rxe2 Rxe2+ 31. Kh3 Rxb2 32. Rf5 Rxa2 33.
Rxf6 Ra1 34. Rf2 a5 35. g4 Rh1+ 36. Kg3 b5 37. g5 b4 38. cxb4 axb4 39. Rg2 Kd7
40. Kg4 b3 41. g6 Ke7 42. Kg5 c4 43. Re2+ Kd7 44. Rg2 Ke7 45. Re2+ Kf8 46. Rf2+
Kg8 47. Rb2 Kg7 48. h5 Rg1+ 49. Kf5 Kh6 50. Re2 c3 51. Re7 Rg5+ 52. Kf6 Kxh5
0-1

[Event "XIII Torneo Leonardo di Bona Magistrale"]
[Site "Cutro ITA"]
[Date "2007.04.29"]
[Round "7"]
[White "Kasparova, Tatiana"]
[Black "Van Hoolandt, Patrick"]
[Result "1-0"]
[WhiteElo "2218"]
[BlackElo "2205"]
[PlyCount "117"]
[EventDate "2007.04.23"]

1. e4 e5 2. Nf3 Nc6 3. Bb5 Nf6 4. O-O Nxe4 5. d4 Nd6 6. Bxc6 dxc6 7. dxe5 Nf5
8. Qxd8+ Kxd8 9. Nc3 Ne7 10. h3 Bf5 11. Nd4 Bg6 12. f4 c5 13. Nf3 Bxc2 14. Rf2
Bg6 15. g4 f5 16. Be3 b6 17. Rd1+ Kc8 18. Rfd2 Kb7 19. Ng5 h5 20. Rd7 Be8 21.
Rd8 Rc8 22. Ne6 Bf7 23. Nxf8 Rxf8 24. R8d7 Nc6 25. gxf5 Nb8 26. R7d2 Bg8 27.
Rg2 Bh7 28. Kh2 Bxf5 29. Rxg7 Rg8 30. Rdg1 Rh8 31. Nb5 Bd7 32. Nc3 Be6 33. Ne4
Rcd8 34. f5 Bxa2 35. e6 Rhe8 36. Bf4 Ka8 37. Rxc7 Bd5 38. Nd6 Rg8 39. Rgg7 Rxg7
40. Rxg7 Nc6 41. Nb5 Bc4 42. Nc7+ Kb7 43. e7 Nxe7 44. Rxe7 Rg8 45. f6 Kc6 46.
Ne6 Bd5 47. Ng5 a5 48. f7 Bxf7 49. Nxf7 a4 50. Re6+ Kb7 51. Nd6+ Kc6 52. Nf5+
Kb7 53. Ne3 b5 54. Nd5 b4 55. Rb6+ Ka7 56. Rb5 Re8 57. Be3 Rc8 58. Bxc5+ Ka6
59. Rb6+ 1-0

[Event "XIII Torneo Leonardo di Bona Magistrale"]
[Site "Cutro ITA"]
[Date "2007.04.29"]
[Round "7"]
[White "Roeder, Matthias"]
[Black "Naumkin, Igor"]
[Result "1/2-1/2"]
[WhiteElo "2453"]
[BlackElo "2497"]
[PlyCount "23"]
[EventDate "2007.04.23"]

1. Nf3 Nf6 2. c4 e6 3. d4 b6 4. Nc3 Bb7 5. Bg5 h6 6. Bh4 g5 7. Bg3 Nh5 8. Qc2
Nxg3 9. hxg3 Bg7 10. O-O-O Nc6 11. e3 Qe7 12. a3 1/2-1/2

[Event "XIII Torneo Leonardo di Bona Magistrale"]
[Site "Cutro ITA"]
[Date "2007.04.30"]
[Round "8"]
[White "Abatino, Maurizio"]
[Black "Ferro, Mario"]
[Result "0-1"]
[WhiteElo "2192"]
[BlackElo "2235"]
[PlyCount "68"]
[EventDate "2007.04.23"]

1. d4 f5 2. g3 Nf6 3. Bg2 g6 4. c4 Bg7 5. Nc3 O-O 6. Nf3 d6 7. d5 Qe8 8. O-O
Na6 9. Nd4 Bd7 10. Rb1 c6 11. b3 Nc7 12. Bb2 g5 13. e3 f4 14. exf4 gxf4 15. Ne4
Ng4 16. Nf3 Bf5 17. Bxg7 Kxg7 18. Nh4 Ne5 19. Nxf5+ Rxf5 20. dxc6 bxc6 21. Nd2
Rf6 22. Nf3 Nxf3+ 23. Bxf3 e5 24. Qd2 Ne6 25. Be4 Nd4 26. f3 h5 27. Rf2 Qe6 28.
Rbf1 d5 29. cxd5 cxd5 30. Bb1 Kf7 31. Qd3 Rg8 32. Rg2 Qh3 33. g4 hxg4 34. fxg4
f3 0-1

[Event "XIII Torneo Leonardo di Bona Magistrale"]
[Site "Cutro ITA"]
[Date "2007.04.30"]
[Round "8"]
[White "Agrest, Svetlana"]
[Black "Valotta, Massimiliano"]
[Result "1-0"]
[WhiteElo "2257"]
[BlackElo "1889"]
[PlyCount "93"]
[EventDate "2007.04.23"]

1. e4 c6 2. d4 d5 3. exd5 cxd5 4. Bd3 Nf6 5. h3 Nc6 6. c3 e5 7. dxe5 Nxe5 8.
Qe2 Qe7 9. Bc2 Nc6 10. Qxe7+ Bxe7 11. Nf3 Be6 12. Be3 b5 13. O-O O-O 14. Nbd2
b4 15. Ba4 Rfc8 16. Bxc6 Rxc6 17. Nd4 Rcc8 18. cxb4 Bxb4 19. N2f3 h6 20. a3 Bf8
21. b4 a6 22. Rfb1 Ne4 23. Ne5 g5 24. Nec6 Bd7 25. Rc1 Nd6 26. a4 Nc4 27. b5
Kh7 28. Rab1 Ba3 29. Rc3 axb5 30. axb5 Bd6 31. g4 Na3 32. Rbc1 Nc4 33. Rb1 Na3
34. Rd1 Nc4 35. Nf5 Bxc6 36. Nxd6 Nxd6 37. bxc6 Ne4 38. Rc2 Ra6 39. c7 Rd6 40.
Rb1 Rd7 41. f3 Nd6 42. Rd1 Nb5 43. Bb6 d4 44. Rc5 Na3 45. Rd3 Rd6 46. Ba5 Ra6
47. Rxa3 1-0

[Event "XIII Torneo Leonardo di Bona Magistrale"]
[Site "Cutro ITA"]
[Date "2007.04.30"]
[Round "8"]
[White "Cordi', Domenico"]
[Black "Kasparov, Sergey"]
[Result "0-1"]
[WhiteElo "2084"]
[BlackElo "2536"]
[PlyCount "65"]
[EventDate "2007.04.23"]

1. d4 c5 2. d5 Nf6 3. c4 b5 4. cxb5 a6 5. e3 axb5 6. Bxb5 Qa5+ 7. Nc3 Bb7 8.
Bd2 Qb6 9. Bc4 e6 10. Qf3 Na6 11. e4 Nb4 12. Rc1 Ba6 13. b3 Nxa2 14. Nxa2 Bxc4
15. bxc4 Rxa2 16. Bc3 exd5 17. exd5 Bd6 18. Ne2 O-O 19. O-O Re8 20. Ng3 Be5 21.
Rb1 Qd8 22. Bxe5 Rxe5 23. d6 g6 24. Qf4 Re6 25. Rb5 Ra5 26. Rb3 Qa8 27. h4 h5
28. f3 Ra1 29. Rxa1 Qxa1+ 30. Kh2 Qe5 31. Qxe5 Rxe5 32. Rb6 Kg7 33. Rb7 0-1

[Event "XIII Torneo Leonardo di Bona Magistrale"]
[Site "Cutro ITA"]
[Date "2007.04.30"]
[Round "8"]
[White "Djuric, Stefan"]
[Black "Vijayalakshmi, Subbaraman"]
[Result "0-1"]
[WhiteElo "2460"]
[BlackElo "2425"]
[PlyCount "138"]
[EventDate "2007.04.23"]

1. e4 e5 2. Nf3 Nc6 3. Bb5 a6 4. Ba4 Nf6 5. O-O Be7 6. Re1 b5 7. Bb3 d6 8. c3
O-O 9. a3 Bg4 10. h3 Bh5 11. d3 d5 12. g4 dxe4 13. gxh5 exf3 14. Qxf3 Qd7 15.
h6 g6 16. Bg5 e4 17. dxe4 Nh5 18. Rd1 Ne5 19. Qg2 Qe8 20. Be3 Rd8 21. Nd2 Qc6
22. Nf1 Bc5 23. Bd5 Qf6 24. Kh1 Bxe3 25. Nxe3 c6 26. Bb3 Nd3 27. Ng4 Qf4 28.
Rab1 Nf6 29. Nxf6+ Qxf6 30. Kg1 Nf4 31. Qg4 Rde8 32. Rd7 Kh8 33. Re1 c5 34. Bd5
Nd3 35. Qe2 Nxe1 36. Qxe1 Qg5+ 37. Kh2 Qf4+ 38. Kg2 Qxh6 39. Bxf7 Qg5+ 40. Kh1
Re5 41. c4 Qf4 42. Qc3 Qxe4+ 43. Kg1 b4 44. axb4 cxb4 45. Qd2 Qe1+ 46. Qxe1
Rxe1+ 47. Kg2 Kg7 48. Be6+ Kh6 49. Bg4 Rc1 50. b3 Rc3 51. Bd1 a5 52. Ra7 Rd3
53. Bg4 Rxb3 54. Rxa5 Rc3 55. Rb5 Rxc4 56. f3 Rcf4 57. Kg3 Kg7 58. Kg2 h5 59.
Be6 Kh6 60. Rb7 Rxf3 61. Rxb4 Rf2+ 62. Kg1 Re2 63. Bd5 Rd8 64. Bg2 Rd1+ 65. Bf1
Ree1 66. Rf4 Kg5 67. Rf2 Kh4 68. Kg2 Rxf1 69. Rf4+ Rxf4 0-1

[Event "XIII Torneo Leonardo di Bona Magistrale"]
[Site "Cutro ITA"]
[Date "2007.04.30"]
[Round "8"]
[White "Kasparova, Tatiana"]
[Black "Marholev, Dimitar"]
[Result "0-1"]
[WhiteElo "2218"]
[BlackElo "2375"]
[PlyCount "80"]
[EventDate "2007.04.23"]

1. e4 e5 2. Nf3 Nc6 3. Bb5 Nge7 4. O-O g6 5. d4 exd4 6. Nxd4 Bg7 7. Nxc6 bxc6
8. Bd3 O-O 9. Nd2 d6 10. Nb3 a5 11. a4 c5 12. Nd2 Nc6 13. Rb1 Ne5 14. Be2 Bb7
15. f4 Nd7 16. Bf3 Re8 17. Re1 Nb6 18. b3 Rb8 19. Nf1 c4 20. Bd2 c3 21. Bc1 d5
22. e5 d4 23. Bxb7 Rxb7 24. Ng3 Rb8 25. Ne4 f5 26. Nf2 c5 27. Ba3 Bf8 28. g4
Nd5 29. Bc1 Kh8 30. gxf5 gxf5 31. Kh1 Nb4 32. Ba3 Qd5+ 33. Kg1 Bh6 34. Qh5 Bxf4
35. Bxb4 cxb4 36. Qxf5 Rg8+ 37. Kf1 Qg2+ 38. Ke2 Rbf8 39. Qh3 Be3 40. Qxg2 Rxg2
0-1

[Event "XIII Torneo Leonardo di Bona Magistrale"]
[Site "Cutro ITA"]
[Date "2007.04.30"]
[Round "8"]
[White "Krivoshey, Sergei"]
[Black "Blagojevic, Dragisa"]
[Result "1/2-1/2"]
[WhiteElo "2475"]
[BlackElo "2529"]
[PlyCount "26"]
[EventDate "2007.04.23"]

1. d4 d5 2. c4 c6 3. Nf3 Nf6 4. e3 Bf5 5. Bd3 Bxd3 6. Qxd3 e6 7. O-O Nbd7 8.
Nc3 Be7 9. b3 O-O 10. Bb2 a5 11. a3 Qb6 12. c5 Qc7 13. b4 b6 1/2-1/2

[Event "XIII Torneo Leonardo di Bona Magistrale"]
[Site "Cutro ITA"]
[Date "2007.04.30"]
[Round "8"]
[White "Naumkin, Igor"]
[Black "Drasko, Milan"]
[Result "0-1"]
[WhiteElo "2497"]
[BlackElo "2543"]
[PlyCount "80"]
[EventDate "2007.04.23"]

1. d4 Nf6 2. c4 e6 3. Nf3 Bb4+ 4. Nbd2 b6 5. a3 Bxd2+ 6. Qxd2 Bb7 7. e3 O-O 8.
Be2 d6 9. O-O Nbd7 10. b4 Ne4 11. Qc2 f5 12. Bb2 a5 13. d5 e5 14. Rfd1 Qe7 15.
g3 c6 16. Nh4 cxd5 17. cxd5 Rfc8 18. Qd3 g6 19. Rac1 Nef6 20. Qb3 axb4 21. axb4
Rxc1 22. Bxc1 Rc8 23. Bb2 Qf7 24. Bc4 b5 25. Bxb5 Nb6 26. Ra1 Bxd5 27. Qd1 Nc4
28. Bxc4 Rxc4 29. b5 Qb7 30. Ra5 Qb6 31. Qd2 Rc5 32. Qb4 Ne4 33. Nf3 Rc2 34.
Ra8+ Bxa8 35. Qb3+ Bd5 36. Qxc2 Qxb5 37. h3 Bc6 38. Nd2 Ng5 39. Qb3+ Qxb3 40.
Nxb3 Nxh3+ 0-1

[Event "XIII Torneo Leonardo di Bona Magistrale"]
[Site "Cutro ITA"]
[Date "2007.04.30"]
[Round "8"]
[White "Sriram, Jha"]
[Black "Roeder, Matthias"]
[Result "1/2-1/2"]
[WhiteElo "2425"]
[BlackElo "2453"]
[PlyCount "28"]
[EventDate "2007.04.23"]

1. d4 Nf6 2. c4 e6 3. Nf3 b6 4. g3 Ba6 5. Qc2 Bb4+ 6. Bd2 Bxd2+ 7. Nbxd2 c5 8.
Bg2 Nc6 9. dxc5 bxc5 10. O-O Rb8 11. b3 Bb7 12. Rfd1 Qc7 13. Ne4 Nxe4 14. Qxe4
Nd4 1/2-1/2

[Event "XIII Torneo Leonardo di Bona Magistrale"]
[Site "Cutro ITA"]
[Date "2007.04.30"]
[Round "8"]
[White "Van Hoolandt, Patrick"]
[Black "Bentivegna, Francesco"]
[Result "1-0"]
[WhiteElo "2205"]
[BlackElo "2287"]
[PlyCount "85"]
[EventDate "2007.04.23"]

1. Nf3 d5 2. d4 c5 3. dxc5 e6 4. e4 Nf6 5. exd5 Qxd5 6. Qxd5 Nxd5 7. a3 a5 8.
b3 Bxc5 9. Bb2 O-O 10. c4 Nf6 11. Nc3 Bd7 12. Ne5 Be8 13. Be2 Nc6 14. Nb5 Rd8
15. Nd3 Bd4 16. O-O-O e5 17. Nxd4 Nxd4 18. Bxd4 Rxd4 19. Rhe1 Bc6 20. g3 Re8
21. Nxe5 Re4 22. f4 g5 23. Bd3 Rxe1 24. Rxe1 Ng4 25. Kd2 Nxh2 26. Re2 Nf1+ 27.
Ke1 Nxg3 28. Rh2 f6 29. Bxh7+ Kg7 30. Bg6 Re7 31. Rh7+ Kf8 32. Rxe7 Kxe7 33.
Nxc6+ bxc6 34. fxg5 fxg5 35. Kf2 Nh1+ 36. Kg2 Kd6 37. Kxh1 Kc5 38. a4 Kb4 39.
Bc2 Kc3 40. Bd1 Kd2 41. Bf3 c5 42. Bc6 Ke3 43. Kg2 1-0

[Event "XIII Torneo Leonardo di Bona Magistrale"]
[Site "Cutro ITA"]
[Date "2007.05.01"]
[Round "9"]
[White "Agrest, Evgenij"]
[Black "Marholev, Dimitar"]
[Result "0-1"]
[WhiteElo "2561"]
[BlackElo "2375"]
[PlyCount "126"]
[EventDate "2007.04.23"]

1. d4 Nf6 2. Nf3 e6 3. c4 c5 4. Nc3 cxd4 5. Nxd4 Nc6 6. Bg5 Bb4 7. Rc1 Qb6 8.
Bxf6 gxf6 9. Nb3 f5 10. e3 Qc7 11. Qd2 b6 12. a3 Bxc3 13. Rxc3 Bb7 14. Nd4 a6
15. f3 Rg8 16. Bd3 h5 17. Qf2 f4 18. Nxc6 Bxc6 19. O-O Rb8 20. Qd2 fxe3 21.
Qxe3 h4 22. Kh1 h3 23. g3 Qd6 24. b4 a5 25. b5 Ba8 26. c5 bxc5 27. Rxc5 Ke7 28.
Be2 Rbc8 29. Rh5 Rc2 30. Rd1 Qc7 31. Rxh3 Qc3 32. Bd3 Qxa3 33. Rh7 Rc3 34. Qf4
Rf8 35. Be4 d5 36. Bg6 Rxf3 37. Qc7+ Kf6 38. Rxf7+ Kxg6 39. Rg7+ Kf6 40. Re1
Rf5 41. Kg1 Qb4 42. Rd1 Qb2 43. Qe7+ Ke5 44. Re1+ Kd4 45. Qa7+ Kc4 46. Rc7+ Kb4
47. Qc5+ Ka4 48. b6 Rf2 49. Rh7 Rf1+ 50. Rxf1 Rxf1+ 51. Kxf1 Qb1+ 52. Kg2 Qxh7
53. Qc8 Qe4+ 54. Kh3 d4 55. Qc4+ Ka3 56. Qc5+ Kb3 57. Qb5+ Kc2 58. Qa4+ Kd2 59.
Qxa5+ Ke2 60. Qh5+ Qf3 61. Qe5+ Qe4 62. Qh5+ Kf2 63. Qf7+ Qf5+ 0-1

[Event "XIII Torneo Leonardo di Bona Magistrale"]
[Site "Cutro ITA"]
[Date "2007.05.01"]
[Round "9"]
[White "Agrest, Svetlana"]
[Black "Blasco, Domenico"]
[Result "1-0"]
[WhiteElo "2257"]
[BlackElo "1991"]
[PlyCount "79"]
[EventDate "2007.04.23"]

1. e4 Nf6 2. Nc3 d5 3. exd5 Nxd5 4. Bc4 Nb6 5. Bb3 Bf5 6. Qf3 Qc8 7. Nge2 e6 8.
g4 Bg6 9. d3 Be7 10. h4 h5 11. Nf4 Nc6 12. Nxg6 fxg6 13. Qe4 Kf7 14. gxh5 Rxh5
15. Bf4 Na5 16. Rg1 Rf5 17. h5 Nxb3 18. hxg6+ Kf8 19. axb3 Bd6 20. Bxd6+ cxd6
21. O-O-O Rf6 22. Qh4 Ke7 23. Ne4 Qf8 24. Rde1 d5 25. Nxf6 Qxf6 26. Qb4+ Kd7
27. f4 Rf8 28. Rgf1 Kc7 29. Qc5+ Kd7 30. Qb4 Rc8 31. f5 exf5 32. Kb1 Rc6 33.
Qf4 Qxg6 34. Qb8 Rc7 35. Re7+ Kxe7 36. Qxc7+ Kf6 37. Qd8+ Ke6 38. Re1+ Kf7 39.
Qe8+ Kf6 40. Qe7# 1-0

[Event "XIII Torneo Leonardo di Bona Magistrale"]
[Site "Cutro ITA"]
[Date "2007.05.01"]
[Round "9"]
[White "Bentivegna, Francesco"]
[Black "Cordi', Domenico"]
[Result "1-0"]
[WhiteElo "2287"]
[BlackElo "2084"]
[PlyCount "49"]
[EventDate "2007.04.23"]

1. e4 c5 2. c3 d5 3. exd5 Qxd5 4. d4 Nf6 5. Nf3 Nc6 6. Be3 cxd4 7. cxd4 e6 8.
Nc3 Qd6 9. a3 Be7 10. Bd3 O-O 11. Rc1 Rd8 12. O-O a6 13. Qe2 Bd7 14. Rfe1 Rac8
15. Rcd1 Be8 16. Bg5 Qb8 17. Bb1 b5 18. d5 exd5 19. Qd3 g6 20. Rxe7 Nxe7 21.
Bxf6 Qd6 22. Be5 Qc6 23. Nd4 Qb6 24. Qf3 Rd7 25. h4 1-0

[Event "XIII Torneo Leonardo di Bona Magistrale"]
[Site "Cutro ITA"]
[Date "2007.05.01"]
[Round "9"]
[White "Blagojevic, Dragisa"]
[Black "Drasko, Milan"]
[Result "1/2-1/2"]
[WhiteElo "2529"]
[BlackElo "2543"]
[PlyCount "23"]
[EventDate "2007.04.23"]

1. c4 Nf6 2. Nf3 e6 3. g3 b6 4. Bg2 Bb7 5. d4 Be7 6. O-O O-O 7. Nc3 Ne4 8. Qc2
Nxc3 9. Qxc3 d6 10. Qc2 Nd7 11. Ng5 Nb8 12. Nf3 1/2-1/2

[Event "XIII Torneo Leonardo di Bona Magistrale"]
[Site "Cutro ITA"]
[Date "2007.05.01"]
[Round "9"]
[White "Ferro, Mario"]
[Black "Sriram, Jha"]
[Result "0-1"]
[WhiteElo "2235"]
[BlackElo "2425"]
[PlyCount "56"]
[EventDate "2007.04.23"]

1. d4 d5 2. Nf3 Nf6 3. c4 c6 4. e3 a6 5. b3 Bg4 6. Be2 e6 7. Ne5 Bxe2 8. Qxe2
Nbd7 9. Nd2 Bb4 10. Nxd7 Qxd7 11. O-O O-O 12. Nf3 Bd6 13. a4 Rac8 14. c5 Bb8
15. b4 Ne4 16. Ne5 Qc7 17. f3 f6 18. fxe4 fxe5 19. Rxf8+ Rxf8 20. g3 dxe4 21.
Bb2 exd4 22. exd4 Qf7 23. Re1 Qf3 24. Bc1 Bxg3 25. Qxf3 exf3 26. Rxe6 Bxh2+ 27.
Kf2 Bg3+ 28. Kf1 Rf5 0-1

[Event "XIII Torneo Leonardo di Bona Magistrale"]
[Site "Cutro ITA"]
[Date "2007.05.01"]
[Round "9"]
[White "Kasparov, Sergey"]
[Black "Djuric, Stefan"]
[Result "1-0"]
[WhiteElo "2536"]
[BlackElo "2460"]
[PlyCount "117"]
[EventDate "2007.04.23"]

1. e4 e5 2. Nf3 Nc6 3. Bb5 Nf6 4. O-O Be7 5. Re1 d6 6. c3 O-O 7. d4 Bd7 8. d5
Nb8 9. Bxd7 Nbxd7 10. c4 Nc5 11. Nc3 a5 12. Qc2 c6 13. Be3 cxd5 14. Bxc5 dxe4
15. Nxe4 dxc5 16. Nxe5 Qc7 17. Nc3 Rad8 18. Rad1 Rxd1 19. Qxd1 Rd8 20. Qe2 Bf8
21. Ng4 Nxg4 22. Qxg4 Rd4 23. Qe2 Qd8 24. Rd1 Qg5 25. g3 h5 26. Ne4 Qg4 27. f3
Qe6 28. Rxd4 cxd4 29. Qd3 Qb6 30. b3 g6 31. Kg2 Bg7 32. Qd2 a4 33. bxa4 Qc6 34.
Qc2 Bh6 35. Qb3 h4 36. gxh4 Be3 37. Qb5 Qe6 38. Qd5 Qxd5 39. Nf6+ Kg7 40. Nxd5
Bd2 41. Kf2 d3 42. a3 Bc1 43. Nb4 d2 44. Ke2 Bxa3 45. Nd3 Bd6 46. f4 Kh6 47.
Kxd2 Kh5 48. Ke3 f6 49. Ke4 Kxh4 50. Kd5 Bc7 51. Ke6 g5 52. f5 Bxh2 53. Kxf6 g4
54. Ke6 Bg1 55. f6 Be3 56. f7 Bh6 57. c5 g3 58. a5 Kg4 59. Ne1 1-0

[Event "XIII Torneo Leonardo di Bona Magistrale"]
[Site "Cutro ITA"]
[Date "2007.05.01"]
[Round "9"]
[White "Krivoshey, Sergei"]
[Black "Rotstein, Arkadij"]
[Result "1/2-1/2"]
[WhiteElo "2475"]
[BlackElo "2537"]
[PlyCount "29"]
[EventDate "2007.04.23"]

1. Nf3 Nf6 2. c4 e6 3. Nc3 d5 4. d4 Be7 5. cxd5 exd5 6. Bg5 c6 7. e3 Bf5 8.
Bxf6 Bxf6 9. Bd3 Bxd3 10. Qxd3 O-O 11. O-O Nd7 12. Rfc1 Nb6 13. Qc2 Re8 14. Na4
Nxa4 15. Qxa4 1/2-1/2

[Event "XIII Torneo Leonardo di Bona Magistrale"]
[Site "Cutro ITA"]
[Date "2007.05.01"]
[Round "9"]
[White "Naumkin, Igor"]
[Black "Abatino, Maurizio"]
[Result "1-0"]
[WhiteElo "2497"]
[BlackElo "2192"]
[PlyCount "59"]
[EventDate "2007.04.23"]

1. d4 Nf6 2. c4 e6 3. Nf3 b6 4. g3 Bb7 5. Bg2 Be7 6. Nc3 Ne4 7. Bd2 Bf6 8. O-O
O-O 9. Rc1 c5 10. d5 exd5 11. cxd5 Bxc3 12. Bxc3 d6 13. Nh4 Nxc3 14. bxc3 Nd7
15. f4 Rb8 16. e4 b5 17. Nf5 Nf6 18. e5 Ne8 19. Re1 Bc8 20. Nh4 Nc7 21. Qd3 a5
22. e6 Qf6 23. Be4 g6 24. f5 g5 25. Ng2 Na6 26. Qe2 Qg7 27. f6 Qxf6 28. Qh5 Qg7
29. Rf1 fxe6 30. Bxh7+ 1-0